000 00583nai a2200181Ia 4500
003 IN-BaIIA
008 211028c9999 xx s 000 0 eng d
022 _a0012-155X (Print)
022 _a1467-7660 (Online)
040 _cIIA Library
245 0 _aDevelopment And Change
_h[eJournal]
260 _aNew Jersey
_bJohn Wiley & Sons
310 _aBimonthly
362 _a28(1); 1997 - Present
521 _bSubscribed through National Knowledge Resource Consortium (NKRC)
856 _uhttps://onlinelibrary.wiley.com/journal/14677660
_yClick Here to Access eJournal
942 _cEJ
999 _c34273
_d34273